Southville International School and Colleges

To the lighthouse / (Record no. 368264)

000 -LEADER
fixed length control field 00663nam a22002177a 4500
003 - CONTROL NUMBER IDENTIFIER
control field 0
005 - DATE AND TIME OF LATEST TRANSACTION
control field 20251017121514.0
008 - FIXED-LENGTH DATA ELEMENTS--GENERAL INFORMATION
fixed length control field 251017b xxu||||| |||| 00| 0 eng d
020 ## - INTERNATIONAL STANDARD BOOK NUMBER
International Standard Book Number 978-1-84749-657-7
050 ## - LIBRARY OF CONGRESS CALL NUMBER
Classification number PR 6045
Item number .O72 2022
100 ## - MAIN ENTRY--PERSONAL NAME
Personal name Woolf, Virginia,
Dates associated with a name 1882–1941,
Relator term author.
245 ## - TITLE STATEMENT
Title To the lighthouse /
Statement of responsibility, etc Virginia Woolf.
260 ## - PUBLICATION, DISTRIBUTION, ETC. (IMPRINT)
Place of publication, distribution, etc Richmond :
Name of publisher, distributor, etc Alma Classics,
Date of publication, distribution, etc 2022.
300 ## - PHYSICAL DESCRIPTION
Extent 226 pages ;
Dimensions 20 cm.
500 ## - GENERAL NOTE
General note Includes extra material and notes on the text.
504 ## - BIBLIOGRAPHY, ETC. NOTE
Bibliography, etc Includes select bibliography.
650 ## - SUBJECT ADDED ENTRY--TOPICAL TERM
Topical term or geographic name as entry element Families
Form subdivision Fiction.
650 ## - SUBJECT ADDED ENTRY--TOPICAL TERM
Topical term or geographic name as entry element Women painters
Form subdivision Fiction.
650 ## - SUBJECT ADDED ENTRY--TOPICAL TERM
Topical term or geographic name as entry element Domestic fiction.
942 ## - ADDED ENTRY ELEMENTS (KOHA)
Source of classification or shelving scheme
Koha item type Books
Holdings
Sub Shelving location Price effective from Koha item type Withdrawn status Full call number Permanent Location Shelving location Lost status Current Location Source of acquisition Date last seen Barcode Source of classification or shelving scheme Date acquired Damaged status
 2025-10-17Books PR 6045 .O72 2022Luxembourg LibraryClassic Section Luxembourg LibraryLibrary Fund2025-10-1721493 2024-11-19 
Powered by Koha